000 00449nam a22001697a 4500
005 20180719143054.0
008 160614b xxu||||| |||| 00| 0 eng d
020 _a978-81-203-1730-7
041 _aeng
082 _b7463
_a658.15244
100 _aBhattacharya, Hrishikes
_91895
245 _aWorking Capital Management:strategies and techniques
260 _bPHI learning
_anew delhi
300 _a438p,
650 _aManagement
_9241
942 _cBK
999 _c2667
_d2666